[Event "Wch Seniors 50 (Women) 29th"]
[Site "Bucharest"]
[Date "2019.11.21"]
[Round "9"]
[White "Birkholz, Olga"]
[Black "Jicman, Ligia Letitia"]
[Result "1/2-1/2"]
[WhiteElo "2071"]
[BlackElo "2070"]
[PlyCount "102"]
[EventDate "2019.11.12"]
[EventType "swiss"]
[EventRounds "11"]
[EventCountry "ROU"]
[SourceTitle "CBM 193 Extra"]
[Source "ChessBase"]
[SourceDate "2020.01.31"]
[SourceVersion "1"]
[SourceVersionDate "2020.01.31"]
[SourceQuality "1"]

1. Nf3 c5 2. b3 Nc6 3. Bb2 d5 4. e3 Nf6 5. Be2 g6 6. d4 cxd4 7. exd4 Bg7 8. 0-0 0-0 9. Ne5 Ne4 10. Nd2 Nd6 11. Nxc6 bxc6 12. c3 a5 13. Re1 Qc7 14. Bf3 Bb7 15. Rc1 Rad8 16. Qe2 Rfe8 17. Qd3 e5 18. dxe5 Rxe5 19. Nf1 c5 20. Rxe5 Bxe5 21. Rd1 c4 22. Qe2 Re8 23. Qc2 cxb3 24. Qxb3 Nc4 25. Bc1 Rb8 26. Qc2 Nb6 27. Be3 d4 28. Bxd4 Bxf3 29. gxf3 Bxd4 30. Rxd4 Rc8 31. Qd2 Qxc3 32. Rd8+ Kg7 33. Rxc8 Qxd2 34. Nxd2 Nxc8 35. Nc4 a4 36. Kf1 Kf6 37. Ke2 Ke6 38. Kd3 Kd5 39. Kc3 Kc5 40. Ne5 Nb6 41. Nxf7 Nd5+ 42. Kb2 Kb4 43. a3+ Kc4 44. Kc2 Nf4 45. Nd6+ Kd4 46. Nb5+ Kc4 47. Nc3 Ne6 48. Nxa4 Nd4+ 49. Kd1 Nxf3 50. Ke2 Nxh2 51. f3 Kb3 1/2-1/2

[Event "Wch Seniors 50 (Women) 29th"]
[Site "Bucharest"]
[Date "2019.11.18"]
[Round "6"]
[White "Wagner Michel, Annett"]
[Black "Jicman, Ligia Letitia"]
[Result "1-0"]
[WhiteElo "2016"]
[BlackElo "2070"]
[PlyCount "87"]
[EventDate "2019.11.12"]
[EventType "swiss"]
[EventRounds "11"]
[EventCountry "ROU"]
[SourceTitle "CBM 193 Extra"]
[Source "ChessBase"]
[SourceDate "2020.01.31"]
[SourceVersion "1"]
[SourceVersionDate "2020.01.31"]
[SourceQuality "1"]

1. e4 c5 2. Nf3 Nc6 3. d4 cxd4 4. Nxd4 g6 5. c4 Nf6 6. Nc3 d6 7. Be2 Nxd4 8. Qxd4 Bg7 9. Be3 0-0 10. Qd2 a6 11. f3 Be6 12. Rc1 Qa5 13. 0-0 Rfc8 14. b3 Nd7 15. Rfd1 b5 16. Nd5 Qxd2 17. Rxd2 Bxd5 18. Rxd5 b4 19. Rcd1 Nc5 20. Bd3 a5 21. f4 a4 22. Bxc5 dxc5 23. e5 e6 24. Rd7 axb3 25. axb3 g5 26. g3 gxf4 27. gxf4 Rd8 28. Rxd8+ Rxd8 29. Bxh7+ Kxh7 30. Rxd8 Bh6 31. Rc8 Bxf4 32. Kg2 Be3 33. Kf3 Bd4 34. Kf4 Kg7 35. Rd8 Bb2 36. Ke4 Bc3 37. Rd3 Bb2 38. Rg3+ Kh7 39. h4 f6 40. exf6 Bxf6 41. h5 Bd4 42. Rg6 e5 43. Re6 Kg7 44. Rxe5 1-0

[Event "Rhein Main op-A 19th"]
[Site "Bad Homburg"]
[Date "2016.05.28"]
[Round "5"]
[White "Dubiel, Jacek"]
[Black "Jicman, Ligia Letitia"]
[Result "1-0"]
[WhiteElo "2423"]
[BlackElo "2146"]
[PlyCount "91"]
[EventDate "2016.05.25"]
[EventType "swiss"]
[EventRounds "7"]
[EventCountry "GER"]
[SourceTitle "EXT 2017"]
[Source "ChessBase"]
[SourceDate "2016.10.25"]
[SourceVersion "1"]
[SourceVersionDate "2016.10.25"]
[SourceQuality "1"]

1. e4 c5 2. Nf3 Nc6 3. d4 cxd4 4. Nxd4 g6 5. Nc3 Bg7 6. Be3 Nf6 7. f4 d6 8. Be2 0-0 9. Nb3 a6 10. g4 d5 11. exd5 Nb4 12. Bf3 Nxg4 13. Bxg4 Bxg4 14. Qxg4 Nxc2+ 15. Kf2 Nxa1 16. Rxa1 Rc8 17. Rd1 Qd6 18. Nd4 Rc4 19. Rd2 b5 20. Qf3 Bxd4 21. Bxd4 Rd8 22. b3 Rcc8 23. Qe3 b4 24. Ne4 Qb8 25. d6 Rxd6 26. Nxd6 Qxd6 27. Qe5 Qxe5 28. fxe5 Rc6 29. Ke3 f6 30. Ke4 Kf7 31. Kd5 Rc8 32. e6+ Kg7 33. Re2 g5 34. Bc5 Rc7 35. Bxb4 f5 36. Bd6 Ra7 37. Be5+ Kg6 38. Rc2 Ra8 39. Rc7 Rd8+ 40. Rd7 Re8 41. Bd4 h5 42. Ke5 f4 43. Ke4 h4 44. Kf3 h3 45. Kg4 a5 46. Rd5 1-0

[Event "ROM-chT (Women)"]
[Site "Mamaia"]
[Date "2015.10.09"]
[Round "7.1"]
[White "Jicman, Ligia Letitia"]
[Black "Nikolova, Adriana"]
[Result "0-1"]
[WhiteElo "2140"]
[BlackElo "2297"]
[PlyCount "40"]
[EventDate "2015.10.03"]
[EventType "team-tourn"]
[EventRounds "9"]
[EventCountry "ROU"]
[SourceTitle "CBM 168 Extra"]
[Source "ChessBase"]
[SourceDate "2015.10.29"]
[SourceVersion "1"]
[SourceVersionDate "2015.10.29"]
[SourceQuality "1"]
[WhiteTeam "Lugoj CSM (W)"]
[BlackTeam "Timisoara Sinandrei (W)"]
[WhiteTeamCountry "ROU"]
[BlackTeamCountry "ROU"]

1. e4 d5 2. exd5 Qxd5 3. Nc3 Qd8 4. d4 Nf6 5. h3 a6 6. Be2 Nc6 7. Nf3 Bf5 8. d5 Nb4 9. Nd4 Bg6 10. Bf3 e5 11. dxe6 Qxd4 12. exf7+ Kxf7 13. Qxd4 Nxc2+ 14. Kf1 Nxd4 15. Bxb7 Ra7 16. Bc8 Nc2 17. Rb1 Bb4 18. Bg4 Nxg4 19. hxg4 Rb7 20. f4 Bd3+ 0-1

[Event "ROM-chT (Women)"]
[Site "Mamaia"]
[Date "2015.10.06"]
[Round "4.2"]
[White "Atalik, Ekaterina"]
[Black "Jicman, Ligia Letitia"]
[Result "1-0"]
[WhiteElo "2384"]
[BlackElo "2140"]
[PlyCount "51"]
[EventDate "2015.10.03"]
[EventType "team-tourn"]
[EventRounds "9"]
[EventCountry "ROU"]
[SourceTitle "CBM 168 Extra"]
[Source "ChessBase"]
[SourceDate "2015.10.29"]
[SourceVersion "1"]
[SourceVersionDate "2015.10.29"]
[SourceQuality "1"]
[WhiteTeam "Timisoara Medicina (W)"]
[BlackTeam "Lugoj CSM (W)"]
[WhiteTeamCountry "ROU"]
[BlackTeamCountry "ROU"]

1. d4 d5 2. c4 c6 3. Nf3 Nf6 4. Nc3 dxc4 5. a4 Bf5 6. Ne5 Nbd7 7. Nxc4 Nb6 8. Ne5 a5 9. h4 h6 10. f3 Nfd7 11. Nxd7 Qxd7 12. e4 Be6 13. d5 Bxd5 14. exd5 Nxd5 15. Nxd5 Qxd5 16. Qxd5 cxd5 17. Bb5+ Kd8 18. Be3 e5 19. Bb6+ Ke7 20. f4 f6 21. fxe5 fxe5 22. Rc1 Ke6 23. Rc7 Bb4+ 24. Ke2 g5 25. h5 Rac8 26. Bd7+ 1-0

[Event "Trieste op 17th"]
[Site "Trieste"]
[Date "2015.08.30"]
[Round "3"]
[White "Iasman, Inna"]
[Black "Jicman, Ligia Letitia"]
[Result "0-1"]
[WhiteElo "1789"]
[BlackElo "2167"]
[PlyCount "98"]
[EventDate "2015.08.29"]
[EventType "swiss"]
[EventRounds "9"]
[EventCountry "ITA"]
[SourceTitle "EXT 2016"]
[Source "ChessBase"]
[SourceDate "2015.10.08"]
[SourceVersion "1"]
[SourceVersionDate "2015.10.08"]
[SourceQuality "1"]

1. d4 Nf6 2. c4 e6 3. Nf3 c5 4. d5 exd5 5. cxd5 d6 6. Nc3 g6 7. Bf4 Bg7 8. Qa4+ Bd7 9. Qb3 Qc7 10. e4 0-0 11. Bd3 Re8 12. 0-0 c4 13. Qxc4 Qxc4 14. Bxc4 Nxe4 15. Nb5 Rc8 16. Bd3 Bxb5 17. Bxb5 Bxb2 18. Rab1 Bg7 19. Rbc1 Rd8 20. Rc7 a6 21. Bd3 Nc5 22. Bc2 Bf8 23. Bg5 Re8 24. Nd2 a5 25. Nc4 Nba6 26. Rxc5 Nxc5 27. Bf4 Ra6 28. h4 h5 29. Ne3 Be7 30. g3 Bf6 31. Nc4 Re2 32. Bb1 Be7 33. Rc1 b5 34. Kf1 Re4 35. Bxe4 Nxe4 36. Na3 b4 37. Nb5 Rb6 38. Rc8+ Kg7 39. Nc7 Rb7 40. Ne8+ Kh7 41. Ra8 f6 42. Rxa5 g5 43. hxg5 fxg5 44. Be3 Kg6 45. Bd4 Kf7 46. Ng7 b3 47. Nf5 b2 48. Bxb2 Rxb2 49. Ra7 Rxf2+ 0-1

[Event "Basel op"]
[Site "Basel"]
[Date "2015.01.05"]
[Round "7"]
[White "Andersen, Alf Roger"]
[Black "Jicman, Ligia Letitia"]
[Result "0-1"]
[WhiteElo "2167"]
[BlackElo "2137"]
[PlyCount "86"]
[EventDate "2015.01.01"]
[EventType "swiss"]
[EventRounds "7"]
[EventCountry "SUI"]
[SourceTitle "CBM 164 Extra"]
[Source "ChessBase"]
[SourceDate "2015.03.02"]
[SourceVersion "1"]
[SourceVersionDate "2015.03.02"]
[SourceQuality "1"]

1. e4 c5 2. f4 g6 3. Nf3 Bg7 4. Nc3 Nc6 5. Bc4 e6 6. e5 d5 7. exd6 Qxd6 8. 0-0 Nf6 9. d3 0-0 10. a3 b6 11. Ng5 Bb7 12. Rb1 Rad8 13. Be3 a6 14. Nce4 Nxe4 15. Nxe4 Qc7 16. Qe1 Nd4 17. c3 Nf5 18. Bf2 Qc6 19. Qe2 b5 20. Bb3 c4 21. Bc2 cxd3 22. Bxd3 Rxd3 23. Qxd3 Nd6 24. Bd4 Nxe4 25. Bxg7 Kxg7 26. Rbd1 Kg8 27. Qc2 Nd6 28. Rf2 Nf5 29. Qe2 h5 30. Rd3 a5 31. a4 bxa4 32. Qd1 Kg7 33. Rd8 Rxd8 34. Qxd8 h4 35. h3 Qd5 36. Qxd5 Bxd5 37. Rd2 Ne3 38. Rd4 Nc4 39. f5 Nxb2 40. fxe6 fxe6 41. Rxh4 a3 42. Rf4 Bb3 43. Rf1 Nd1 0-1

[Event "ROM-chT (Women)"]
[Site "Calimanesti"]
[Date "2014.11.12"]
[Round "5.4"]
[White "Jicman, Ligia Letitia"]
[Black "Peptan, Corina Isabela"]
[Result "0-1"]
[WhiteElo "2133"]
[BlackElo "2418"]
[PlyCount "120"]
[EventDate "2014.11.08"]
[EventType "team-tourn"]
[EventRounds "7"]
[EventCountry "ROU"]
[SourceTitle "EXT 2015"]
[Source "ChessBase"]
[SourceDate "2014.11.20"]
[SourceVersion "1"]
[SourceVersionDate "2014.11.20"]
[SourceQuality "1"]
[WhiteTeam "Lugoj (W)"]
[BlackTeam "Bucharest CSM (W)"]
[WhiteTeamCountry "ROU"]
[BlackTeamCountry "ROU"]

1. e4 c5 2. c3 Nf6 3. e5 Nd5 4. d4 cxd4 5. cxd4 Nc6 6. Nf3 d6 7. Bc4 dxe5 8. dxe5 Ndb4 9. Qb3 e6 10. 0-0 Na5 11. Bb5+ Bd7 12. Qa4 Bxb5 13. Qxb5+ Nac6 14. Nc3 a6 15. Qc4 Qd3 16. Qf4 Qg6 17. Be3 Be7 18. Rfd1 Nd3 19. Qe4 Qxe4 20. Nxe4 Ndxe5 21. Nxe5 Nxe5 22. Bd4 Ng6 23. Bxg7 Rg8 24. Nf6+ Bxf6 25. Bxf6 Nf4 26. g3 Nd5 27. Be5 Rc8 28. Rd2 Ke7 29. Rad1 h5 30. f4 f6 31. Bc3 Rc7 32. Kf2 h4 33. Bd4 Rh8 34. Kf3 hxg3 35. hxg3 Kf7 36. Be3 Kg6 37. Rxd5 exd5 38. Rxd5 Re8 39. f5+ Kf7 40. Bf4 Rc2 41. g4 Rxb2 42. g5 fxg5 43. Bxg5 Kg8 44. Kg4 Rb5 45. Rd4 Rf8 46. f6 Rf7 47. Bh4 Kh7 48. Kg3 Rc5 49. Kf3 Rh5 50. Kg4 Kg6 51. Rd8 Ra5 52. Rd2 Ra4+ 53. Kh3 Rh7 54. Rg2+ Kf7 55. Rg4 Ra3+ 56. Rg3 Rxa2 57. Rg4 b5 58. Rd4 Ra4 59. Rd7+ Kg6 60. f7 Rhxh4+ 0-1

[Event "ROM-chT (Women)"]
[Site "Calimanesti"]
[Date "2014.11.09"]
[Round "2.2"]
[White "Jicman, Ligia Letitia"]
[Black "Atalik, Ekaterina"]
[Result "0-1"]
[WhiteElo "2133"]
[BlackElo "2409"]
[PlyCount "90"]
[EventDate "2014.11.08"]
[EventType "team-tourn"]
[EventRounds "7"]
[EventCountry "ROU"]
[SourceTitle "EXT 2015"]
[Source "ChessBase"]
[SourceDate "2014.11.20"]
[SourceVersion "1"]
[SourceVersionDate "2014.11.20"]
[SourceQuality "1"]
[WhiteTeam "Lugoj (W)"]
[BlackTeam "Timisoara Medicina (W)"]
[WhiteTeamCountry "ROU"]
[BlackTeamCountry "ROU"]

1. e4 e5 2. Nf3 Nc6 3. Bb5 a6 4. Bxc6 dxc6 5. 0-0 f6 6. d4 exd4 7. Nxd4 c5 8. Nb3 Qxd1 9. Rxd1 Bg4 10. f3 Bd7 11. Nc3 0-0-0 12. a4 b6 13. Be3 a5 14. Bf4 Ne7 15. Bg3 h5 16. h3 h4 17. Bf4 Ng6 18. Be3 Bd6 19. Nd5 Be6 20. Nd2 Rh5 21. Nc4 Bxd5 22. exd5 Bg3 23. d6 Bxd6 24. b4 axb4 25. a5 bxa5 26. Rxa5 Bh2+ 27. Kxh2 Rxd1 28. Bxc5 Rc1 29. Ra8+ Kb7 30. Ra7+ Kb8 31. Ra5 Rxc2 32. Ba7+ Kb7 33. Rxh5 Rxc4 34. Be3 Kc6 35. Ra5 b3 36. Ra6+ Kd7 37. Ra1 Rc3 38. Bd4 Rd3 39. Bb2 Nf4 40. Rb1 Rd2 41. Bc3 Rxg2+ 42. Kh1 Rg3 43. Rxb3 Rxh3+ 44. Kg1 Rxf3 45. Rb4 Ne2+ 0-1

[Event "Karl Mala Memorial op-A 17th"]
[Site "Frankfurt"]
[Date "2014.08.03"]
[Round "6"]
[White "Esterluss, Johannes"]
[Black "Jicman, Ligia Letitia"]
[Result "0-1"]
[WhiteElo "2030"]
[BlackElo "2148"]
[PlyCount "84"]
[EventDate "2014.07.31"]
[EventType "swiss"]
[EventRounds "7"]
[EventCountry "GER"]
[SourceTitle "EXT 2015"]
[Source "ChessBase"]
[SourceDate "2014.11.20"]
[SourceVersion "1"]
[SourceVersionDate "2014.11.20"]
[SourceQuality "1"]

1. d4 Nf6 2. Nf3 d5 3. c3 g6 4. Bf4 Bg7 5. h3 0-0 6. Nbd2 b6 7. e3 c5 8. Be2 Bb7 9. 0-0 Nc6 10. Ne5 Nd7 11. Nxc6 Bxc6 12. Nf3 f6 13. Bh2 Kh8 14. Rc1 e5 15. c4 cxd4 16. cxd5 Bxd5 17. exd4 e4 18. Nd2 f5 19. Bc4 Bb7 20. Bd6 Rf6 21. Bf4 h6 22. h4 Rc6 23. Nb3 Qxh4 24. Qd2 Nf6 25. Bg3 Qh5 26. Be2 Ng4 27. d5 Rxc1 28. Rxc1 Rd8 29. d6 g5 30. Qd1 Qg6 31. Bxg4 fxg4 32. Rc7 e3 33. Rxb7 exf2+ 34. Kxf2 h5 35. Kg1 h4 36. Bf2 Rxd6 37. Nd4 Qe4 38. Rxg7 Kxg7 39. Qc1 Kg6 40. Qc3 Qb1+ 41. Kh2 g3+ 42. Kh3 gxf2 0-1

[Event "Karl Mala Memorial op-A 17th"]
[Site "Frankfurt"]
[Date "2014.08.01"]
[Round "2"]
[White "Zalewski, Ulrich"]
[Black "Jicman, Ligia Letitia"]
[Result "0-1"]
[WhiteElo "1803"]
[BlackElo "2148"]
[PlyCount "74"]
[EventDate "2014.07.31"]
[EventType "swiss"]
[EventRounds "7"]
[EventCountry "GER"]
[SourceTitle "EXT 2015"]
[Source "ChessBase"]
[SourceDate "2014.11.20"]
[SourceVersion "1"]
[SourceVersionDate "2014.11.20"]
[SourceQuality "1"]

1. e4 c5 2. Nf3 Nc6 3. d4 cxd4 4. Nxd4 g6 5. c4 Nf6 6. Nc3 d6 7. Be2 Nxd4 8. Qxd4 Bg7 9. Be3 0-0 10. Qd1 Be6 11. 0-0 a6 12. f3 Nd7 13. Bd4 Bxd4+ 14. Qxd4 Qb6 15. Qxb6 Nxb6 16. b3 Rfc8 17. Rac1 a5 18. Nd5 Bxd5 19. cxd5 Kg7 20. Kf2 f5 21. Ke3 Kf6 22. Kd4 f4 23. a4 Nd7 24. Bc4 Rc7 25. g3 g5 26. gxf4 gxf4 27. Rg1 Ne5 28. Rc3 Rac8 29. Rg2 Rc5 30. Rg1 b5 31. axb5 a4 32. Rgc1 axb3 33. Bxb3 Nxf3+ 34. Kd3 Ne5+ 35. Kd2 Nd7 36. Rxc5 Nxc5 37. Ke2 Rg8 0-1

[Event "EU-ch Seniors 50 (Women)"]
[Site "Porto"]
[Date "2014.03.17"]
[Round "9"]
[White "Strutinskaya, Galina N"]
[Black "Jicman, Ligia Letitia"]
[Result "0-1"]
[WhiteElo "2290"]
[BlackElo "2154"]
[PlyCount "141"]
[EventDate "2014.03.09"]
[EventType "tourn"]
[EventRounds "9"]
[EventCountry "POR"]
[SourceTitle "CBM 159 Extra"]
[Source "ChessBase"]
[SourceDate "2014.04.24"]
[SourceVersion "1"]
[SourceVersionDate "2014.04.24"]
[SourceQuality "1"]

1. c4 c5 2. Nf3 g6 3. Nc3 Bg7 4. d3 e6 5. Bf4 d6 6. e4 a6 7. Qd2 Nc6 8. Be2 h6 9. Be3 Nd4 10. Bd1 Bd7 11. 0-0 Ne7 12. a3 g5 13. Rb1 Ng6 14. b4 Rb8 15. Kh1 0-0 16. Bxd4 cxd4 17. Ne2 e5 18. Bb3 Bg4 19. Ne1 b6 20. Nc2 Kh8 21. Rb2 Bxe2 22. Qxe2 Nf4 23. Qd1 g4 24. g3 Qg5 25. f3 gxf3 26. Ne1 Ng6 27. Nxf3 Qh5 28. Rg2 Qh3 29. Ng1 Qd7 30. Rgf2 a5 31. Qh5 Kh7 32. Nh3 f6 33. Bd1 Ne7 34. Ng1 axb4 35. axb4 b5 36. Bg4 Qe8 37. Qxe8 Rfxe8 38. Bd7 Red8 39. Bxb5 d5 40. Ra1 dxe4 41. dxe4 Nc8 42. Bc6 Rxb4 43. Bd5 Nb6 44. Ra7 Nxd5 45. cxd5 Kg8 46. Nf3 Rdb8 47. Kg2 f5 48. Nh4 fxe4 49. Rff7 Bf8 50. Ng6 Rb2+ 51. Kh3 d3 52. Nxf8 R2b7 53. Raxb7 Rxb7 54. Rxb7 d2 55. Rb1 e3 56. d6 e2 57. d7 d1Q 58. Rb8 Qf1+ 59. Kg4 e1Q 60. Ne6+ Kf7 61. Rf8+ Kxe6 62. d8Q Qd1+ 63. Qxd1 Qxd1+ 64. Kh3 Ke7 65. Rf5 Qd4 66. Kg2 e4 67. g4 Qd2+ 68. Kg3 e3 69. Re5+ Kd6 70. Re8 Qf2+ 71. Kh3 0-1

[Event "EU-ch Seniors 50 (Women)"]
[Site "Porto"]
[Date "2014.03.14"]
[Round "6"]
[White "Jicman, Ligia Letitia"]
[Black "Kasoshvili, Tsiala"]
[Result "1/2-1/2"]
[WhiteElo "2154"]
[BlackElo "2112"]
[PlyCount "94"]
[EventDate "2014.03.09"]
[EventType "tourn"]
[EventRounds "9"]
[EventCountry "POR"]
[SourceTitle "CBM 159 Extra"]
[Source "ChessBase"]
[SourceDate "2014.04.24"]
[SourceVersion "1"]
[SourceVersionDate "2014.04.24"]
[SourceQuality "1"]

1. e4 c6 2. d4 d5 3. exd5 cxd5 4. c4 Nf6 5. Nc3 e6 6. Nf3 Be7 7. Bd3 dxc4 8. Bxc4 0-0 9. 0-0 Nbd7 10. Re1 a6 11. Qe2 Nb6 12. Bb3 Re8 13. Bg5 Nfd5 14. h4 f6 15. Bd2 Bd7 16. Ne4 Bb5 17. Qd1 Rc8 18. Ba5 Rc6 19. Nc5 Bxc5 20. dxc5 Rxc5 21. Qd4 Qc8 22. Bxb6 Nxb6 23. Rxe6 Nc4 24. Rxe8+ Bxe8 25. Re1 Bf7 26. Re7 Rc7 27. Qe4 Rxe7 28. Qxe7 b5 29. Nd4 h5 30. Qe4 Qg4 31. Qxg4 hxg4 32. Bxc4 Bxc4 33. b3 Bd5 34. Nf5 Be4 35. Ne3 f5 36. b4 Kf7 37. f4 gxf3 38. gxf3 Bxf3 39. Nxf5 Bd5 40. a3 Kf6 41. Ne3 Ke5 42. Kf2 Be6 43. Kf3 Bd7 44. Nc2 Bf5 45. Ne3 Be6 46. Nc2 Bb3 47. Ne3 Bf7 1/2-1/2

[Event "Graz Casino op-A"]
[Site "Graz"]
[Date "2014.02.21"]
[Round "9"]
[White "Wieser, Andreas"]
[Black "Jicman, Ligia Letitia"]
[Result "1/2-1/2"]
[WhiteElo "2107"]
[BlackElo "2166"]
[PlyCount "114"]
[EventDate "2014.02.14"]
[EventType "swiss"]
[EventRounds "9"]
[EventCountry "AUT"]
[SourceTitle "CBM 158 Extra"]
[Source "ChessBase"]
[SourceDate "2014.02.28"]
[SourceVersion "1"]
[SourceVersionDate "2014.02.28"]
[SourceQuality "1"]

1. Nf3 c5 2. g3 g6 3. Bg2 Bg7 4. c3 Nc6 5. d4 cxd4 6. cxd4 d5 7. 0-0 Nf6 8. Nc3 Ne4 9. Qb3 0-0 10. Rd1 Nxc3 11. Qxc3 Bg4 12. Be3 Bxf3 13. Bxf3 e6 14. Kg2 Qb6 15. Rac1 Rfc8 16. Qd2 a5 17. Rc3 a4 18. Rdc1 Re8 19. b3 Bf8 20. bxa4 Bb4 21. Qb2 Qa5 22. Rb3 Qxa4 23. Rb1 Bf8 24. Rxb7 Na5 25. Rb5 Nc4 26. Qb3 Na3 27. Qxa4 Rxa4 28. Rb8 Rxb8 29. Rxb8 Kg7 30. Bf4 Nc4 31. h4 h6 32. Bxh6+ Kxh6 33. Rxf8 Kg7 34. Rb8 Rxa2 35. Kh3 Rd2 36. g4 Rxd4 37. Rb4 Rd2 38. Kg3 Ne5 39. Rb5 Nc6 40. Rc5 Nd4 41. e3 Nc2 42. g5 Ne1 43. Rc1 Nd3 44. Rd1 Rxd1 45. Bxd1 e5 46. Bb3 d4 47. exd4 exd4 48. f4 Nc5 49. Bd1 f6 50. Kf3 Kf7 51. Bc2 f5 52. Bb1 Kg7 53. Ba2 Ne4 54. Bd5 Nc5 55. Ke2 Kf8 56. Bc4 Ke7 57. Kf3 Kf8 1/2-1/2

[Event "Graz Casino op-A"]
[Site "Graz"]
[Date "2014.02.16"]
[Round "3"]
[White "Jicman, Ligia Letitia"]
[Black "Von Lossow, Marcus"]
[Result "1-0"]
[WhiteElo "2166"]
[BlackElo "1803"]
[PlyCount "97"]
[EventDate "2014.02.14"]
[EventType "swiss"]
[EventRounds "9"]
[EventCountry "AUT"]
[SourceTitle "CBM 158 Extra"]
[Source "ChessBase"]
[SourceDate "2014.02.28"]
[SourceVersion "1"]
[SourceVersionDate "2014.02.28"]
[SourceQuality "1"]

1. e4 e5 2. Nf3 Nc6 3. Bb5 Nf6 4. 0-0 Nxe4 5. Re1 Nd6 6. Ba4 Be7 7. Nxe5 0-0 8. d4 Bg5 9. Nc3 Bxc1 10. Rxc1 Nxe5 11. dxe5 Nc4 12. Bb3 Na5 13. Bd5 Qg5 14. g3 Nc6 15. Bg2 b6 16. Nb5 Qd8 17. Bxc6 dxc6 18. Qxd8 Rxd8 19. Nxc7 Rb8 20. e6 fxe6 21. Nxe6 Rd2 22. b3 Bxe6 23. Rxe6 c5 24. a4 Rb7 25. Kg2 Kf7 26. Re4 Rbd7 27. Rf4+ Kg8 28. Re1 h6 29. Re8+ Kh7 30. c3 Rc2 31. h4 g6 32. Rf3 Kg7 33. Rc8 Rf7 34. Rxf7+ Kxf7 35. Rc7+ Kf6 36. c4 Rc3 37. Rxa7 Rxb3 38. a5 Rb4 39. axb6 Rxc4 40. Rc7 Rb4 41. Rc6+ Kf7 42. Kf3 c4 43. Ke3 c3 44. Kd3 Rb1 45. Kc2 Rb2+ 46. Kxc3 Rb1 47. Kd4 Rd1+ 48. Ke5 Re1+ 49. Kd6 1-0

[Event "Graz Casino op-A"]
[Site "Graz"]
[Date "2014.02.15"]
[Round "2"]
[White "Horvath, Reka"]
[Black "Jicman, Ligia Letitia"]
[Result "1-0"]
[WhiteElo "2034"]
[BlackElo "2166"]
[PlyCount "95"]
[EventDate "2014.02.14"]
[EventType "swiss"]
[EventRounds "9"]
[EventCountry "AUT"]
[SourceTitle "CBM 158 Extra"]
[Source "ChessBase"]
[SourceDate "2014.02.28"]
[SourceVersion "1"]
[SourceVersionDate "2014.02.28"]
[SourceQuality "1"]

1. e4 c5 2. b3 Nc6 3. Bb2 d6 4. Nf3 Nf6 5. Nc3 a6 6. Be2 Nd4 7. 0-0 e5 8. d3 g6 9. Nxd4 cxd4 10. Nb1 Bg7 11. Nd2 0-0 12. Rc1 d5 13. c3 dxc3 14. Rxc3 b5 15. Qc2 Be6 16. Nf3 d4 17. Rc7 Nh5 18. g3 f5 19. Qc6 Re8 20. exf5 gxf5 21. Nxd4 Bd5 22. Rd7 Bxc6 23. Rxd8 Nxg3 24. Rxe8+ Rxe8 25. fxg3 exd4 26. Bh5 Re3 27. Rc1 Re6 28. Rc5 Be5 29. Kf2 Kf8 30. Ba3 Kg7 31. Bb2 Kh6 32. Bf7 Bd6 33. Rxf5 Re7 34. Rf6+ Kg5 35. Bxd4 Bb4 36. h4+ Kg4 37. Be6+ Kh5 38. Be3 Rxe6 39. Rxe6 Bd7 40. Rh6+ Kg4 41. Rxh7 Bf5 42. Rg7+ Kh3 43. h5 Bxd3 44. h6 Bc3 45. Ra7 Be5 46. Kf3 b4 47. h7 Bb5 48. h8Q+ 1-0

[Event "ROM-chT (Women)"]
[Site "Mamaia"]
[Date "2012.09.28"]
[Round "6.2"]
[White "Sandu, Mihaela"]
[Black "Jicman, Ligia Letitia"]
[Result "1-0"]
[WhiteElo "2228"]
[BlackElo "2199"]
[PlyCount "99"]
[EventDate "2012.09.22"]
[EventType "team-tourn"]
[EventRounds "7"]
[EventCountry "ROU"]
[SourceTitle "CBM 150 Extra"]
[Source "ChessBase"]
[SourceDate "2012.10.19"]
[SourceVersion "1"]
[SourceVersionDate "2012.10.19"]
[SourceQuality "1"]
[WhiteTeam "Timisoara Medicina (W)"]
[BlackTeam "Lugoj CSM (W)"]
[WhiteTeamCountry "ROU"]
[BlackTeamCountry "ROU"]

1. e4 c5 2. Nf3 d6 3. d4 Nf6 4. Nc3 cxd4 5. Nxd4 Nc6 6. Be2 g6 7. 0-0 Bg7 8. Nb3 0-0 9. Re1 Be6 10. Bg5 Re8 11. Bf1 Nd7 12. Rb1 a6 13. Nd5 b5 14. Be3 Rc8 15. c3 f6 16. Nd4 Bf7 17. Nxc6 Rxc6 18. a4 Qb8 19. Nb4 Rb6 20. Bxb6 Qxb6 21. axb5 axb5 22. Nd5 Qb8 23. Qb3 e6 24. Ne3 Nc5 25. Qxb5 Nxe4 26. Qxb8 Rxb8 27. Red1 Bf8 28. Bd3 Nc5 29. Bc2 f5 30. b4 Nd7 31. Ba4 Nb6 32. Bc6 Kg7 33. Ra1 f4 34. Nc2 Nc4 35. Ra8 Rb6 36. b5 Ne5 37. Nd4 d5 38. Rda1 Bc5 39. Rc8 Nc4 40. Nb3 Ba3 41. Nd2 Nd6 42. Ra8 Bc5 43. R1a6 e5 44. Rxb6 Bxb6 45. Ra6 d4 46. cxd4 Bxd4 47. b6 Bc3 48. Ne4 Bb4 49. Nxd6 Bxd6 50. b7 1-0

[Event "Graz op-A 19th"]
[Site "Graz"]
[Date "2012.08.28"]
[Round "4"]
[White "Jicman, Ligia Letitia"]
[Black "Gruskovnjak, Tomislav"]
[Result "0-1"]
[WhiteElo "2199"]
[BlackElo "2384"]
[PlyCount "82"]
[EventDate "2012.08.25"]
[EventType "swiss"]
[EventRounds "9"]
[EventCountry "AUT"]
[SourceTitle "CBM 150 Extra"]
[Source "ChessBase"]
[SourceDate "2012.10.19"]
[SourceVersion "1"]
[SourceVersionDate "2012.10.19"]
[SourceQuality "1"]

1. e4 c5 2. c3 Nf6 3. e5 Nd5 4. d4 cxd4 5. Nf3 e6 6. cxd4 d6 7. a3 Bd7 8. Bd3 Bc6 9. 0-0 Nd7 10. b4 a6 11. Re1 Rc8 12. Bd2 b5 13. Qe2 Be7 14. Ra2 N5b6 15. Nc3 dxe5 16. dxe5 Qc7 17. Rc2 Bxf3 18. gxf3 Nc4 19. f4 0-0 20. Ne4 Rfd8 21. Rec1 Ndb6 22. Be3 Qd7 23. Bxb6 Nxb6 24. Rxc8 Rxc8 25. Rd1 Nd5 26. Qg4 g6 27. h4 h5 28. Qg3 Qd8 29. Ng5 Bxg5 30. hxg5 Rc3 31. f5 exf5 32. e6 fxe6 33. Qe5 Qxg5+ 34. Kf1 Qf6 35. Qb8+ Kg7 36. Qb7+ Kh6 37. Qxa6 Rxd3 38. Rxd3 Qa1+ 39. Ke2 Nf4+ 40. Kd2 Qb2+ 41. Ke3 Qe5+ 0-1

[Event "Liechtenstein op 30th"]
[Site "Triesen"]
[Date "2012.05.18"]
[Round "8"]
[White "Jicman, Ligia Letitia"]
[Black "Benes, Petr"]
[Result "1-0"]
[WhiteElo "2189"]
[BlackElo "2105"]
[PlyCount "81"]
[EventDate "2012.05.11"]
[EventType "swiss"]
[EventRounds "9"]
[EventCountry "LIE"]
[SourceTitle "CBM 148 Extra"]
[Source "ChessBase"]
[SourceDate "2012.06.22"]
[SourceVersion "1"]
[SourceVersionDate "2012.06.22"]
[SourceQuality "1"]

1. e4 c5 2. c3 d5 3. exd5 Qxd5 4. d4 Nc6 5. Nf3 Bf5 6. Be2 Nf6 7. 0-0 e6 8. Na3 Be7 9. Nb5 Rc8 10. Ne5 0-0 11. Bf3 Be4 12. Bxe4 Qxe4 13. Re1 Qd5 14. Qe2 a6 15. Nxc6 Rxc6 16. c4 Qd7 17. Na3 cxd4 18. Bf4 Rfc8 19. Rad1 Bxa3 20. bxa3 Rxc4 21. Be5 Ne8 22. Rd3 Qd5 23. Red1 Rc2 24. Qe1 Qxa2 25. Bxd4 Re2 26. Qb4 b5 27. h3 Qc4 28. Qe7 Qc7 29. Qg5 f5 30. Be3 Qf7 31. Bf4 h6 32. Qg3 Nf6 33. Bxh6 e5 34. Bg5 Rc4 35. Qf3 Qh5 36. Rd8+ Kf7 37. Qxf5 Rc7 38. R1d7+ Rxd7 39. Rxd7+ Kf8 40. Rxg7 Re1+ 41. Kh2 1-0